|
|
|
|
| LEADER |
01333ppm a22002778a 4500 |
| 001 |
00030974 |
| 005 |
20171026081023.0 |
| 008 |
130820s2009 ||||||viesd |
| 041 |
0 |
# |
|a vie
|
| 082 |
1 |
4 |
|b NGH305C
|a 537
|
| 100 |
1 |
# |
|a Nguyễn, Văn Kiệt
|
| 245 |
0 |
0 |
|a Nghiên cứu vận dụng dạy học dự án vào dạy học một số kiến thức về "từ trường và cảm ứng điện từ vật lý 11 THPT"
|b Luận văn thạc sĩ giáo dục học. Chuyên ngành: Lý luận và phương pháp dạy học vật lý. Mã số: 60.14.10
|c Nguyễn Văn Kiệt; Phạm Thị Phú (hướng dẫn)
|
| 260 |
# |
# |
|a Vinh
|b Đại học Vinh
|c 2009
|
| 300 |
# |
# |
|a 83 tr + phụ lục.
|c 30cm.
|b Ảnh màu
|e bản tóm tắt
|
| 500 |
# |
# |
|a ĐTTTS ghi: Bộ giáo dục và đào tạo. Trường Đại học Vinh
|
| 653 |
# |
# |
|a Cảm ứng điện từ
|a Vật lí 11
|
| 653 |
# |
# |
|a Từ trường
|
| 653 |
# |
# |
|a Luận văn
|
| 653 |
# |
# |
|a Dạy học vật lý
|
| 700 |
1 |
# |
|a Phạm, Thị Phú
|e Hướng dẫn
|
| 852 |
# |
# |
|b Kho đọc SĐH
|j LV.0000482
|
| 852 |
# |
# |
|j LV.0000482
|
| 910 |
|
|
|d 20/08/2013
|
| 980 |
# |
# |
|a Trung tâm Học liệu Lê Vũ Hùng, Trường Đại học Đồng Tháp
|